Apoio social e saúde entre idosos /

El presente artículo se centra en la relación entre las relaciones sociales y el buen estado de salud de las personas adultas mayores; en el marco de la teoría de la Integración Social de Durkheim y de la teoría del Intercambio con énfasis en la equidad de Blau, planteando esa interacción social com...

Fuld beskrivelse

Guardado en:
Bibliografiske detaljer
Hovedforfatter: Ramos, Marília
Format: Texto
Fag:
Tags: Tilføj Tag
Ingen Tags, Vær først til at tagge denne postø!

MARC

LEADER 00000 a a2200000 04500
001 18335
003
040
100 |a Ramos, Marília  
245 |a Apoio social e saúde entre idosos /  |c Marília Ramos 
520 |a El presente artículo se centra en la relación entre las relaciones sociales y el buen estado de salud de las personas adultas mayores; en el marco de la teoría de la Integración Social de Durkheim y de la teoría del Intercambio con énfasis en la equidad de Blau, planteando esa interacción social como un factor positivo en la salud.  
590 |a SJB/AGOSTO2011  
650 |a SALUD  
650 |a ADULTEZ MAYOR  
650 |a COMPORTAMIENTO SOCIAL  
650 |a ASPECTOS DEMOGRAFICOS  
650 |a CAMBIO SOCIAL  
650 |a INTEGRACION SOCIAL  
773 |g volumen 4, número 7; páginas 156-175  
999 |c 21317  |d 21317